00226nam a2200085Ia 4500008004100000100001900041245002900060260004000089300001100129191201s2011 xx 000 0 und d aBAJAJ, Sandeep 0aMaterials and Metallurgy c2011bIshan PublicationsaNEW DELHI a295+36